000 00737cam a22001931 4500
001 c 98000126
003 DLC
005 20260227111038.0
008 801211s1898 ilu 000 0 eng
010 _ac 98000126
040 _aDLC
_cDLC
_dDLC
050 0 0 _aDS118
_b.C82
100 1 _aCornill, Carl Heinrich,
_d1854-1920.
245 0 0 _aHistory of the people of Israel, from the earliest times to the destruction of Jerusalem by the Romans;
_cwritten for lay readers by Carl Heinrich Cornill ... Tr. by W. H. Carruth ...
260 _aChicago,
_bThe Open court publishing company;
_c[etc., etc.] 1898.
300 _a3 p.l., 325 p.
_c21 cm.
650 0 _aJews
_xHistory
_yTo 70 A.D.
700 1 _aCarruth, William Herbert,
_d1859-1924,
_etr.
999 _c13094
_d13094